Générique GuGu Ganmo - Paroles - Statistiques

Statistiques générales
  • Ce quiz a été pris 3 fois
  • Le résultat moyen est 9 sur 16
Statistiques - réponses
Paroles % Correct
GuGu {GuGu}
100%
GuGu {GuGu}
100%
GuGu {GuGu}
100%
GuGu {GuGu}
100%
Mais on gagne à chaque {fois}
100%
On peut compter sur {toi}
100%
Pas facile à {porter}
67%
Que l'on t'a {donné}
67%
Bienvenue parmi les {hommes}
33%
Bienvenue parmi les {hommes}
33%
C'est à ta {naissance}
33%
Petit {oiseau} bubblegum
33%
Petit {oiseau} bubblegum
33%
Un nom {rigolo}
33%
Dans toutes les {bagarres}
0%
Tu es un peu {bizarre}
0%
Aucun quiz correspondant
Distribution des résultats
% des personnes avec chaque résultat
Percentile par nombre de réponses
Votre historique - résultats
Vous n’avez pas pris ce quiz